Southville International School and Colleges
Your cart is empty.
  • Cart
  • Lists
    Public lists Eva Luna New books Lux_list list_1
    Your lists Log in to create your own lists
  • Log in to your account
  • Your cookies
  • Search history
Southville International School and Colleges
  • Advanced search
  • Recent comments
  • Most popular
  • Libraries

Log in to your account

Log in with GOOGLE


If you do not have an external account, but do have a local account, you can still log in:

  1. Home
  2. MARC view: Out came the sun, prep 2.
Normal view MARC view ISBD view

Out came the sun, prep 2. (Record no. 112726)

[ view plain ]
MARC details
000 -LEADER
fixed length control field 00441nam a2200169 a 4500
001 - CONTROL NUMBER
control field 1819
005 - DATE AND TIME OF LATEST TRANSACTION
control field 20140414131948.0
008 - FIXED-LENGTH DATA ELEMENTS--GENERAL INFORMATION
fixed length control field 010329s19uu xx 00 eng d
020 ## - INTERNATIONAL STANDARD BOOK NUMBER
International Standard Book Number 971-27-0017-8
050 ## - LIBRARY OF CONGRESS CALL NUMBER
Classification number TR 428.6
Item number O97 1991
245 ## - TITLE STATEMENT
Title Out came the sun, prep 2.
260 ## - PUBLICATION, DISTRIBUTION, ETC. (IMPRINT)
Place of publication, distribution, etc Pasig :
Name of publisher, distributor, etc Anvil Pub.,
Date of publication, distribution, etc 1991.
300 ## - PHYSICAL DESCRIPTION
Extent 78 p. ; cm.
440 ## - SERIES STATEMENT/ADDED ENTRY--TITLE
Title Our World of Reading.
650 ## - SUBJECT ADDED ENTRY--TOPICAL TERM
Topical term or geographic name as entry element Reading
General subdivision Study and teaching.
Holdings
Withdrawn status Lost status Damaged status Home library Current library Shelving location Date acquired Source of acquisition Total Checkouts Full call number Barcode Date last seen Price effective from Koha item type
      Munich Library Munich Library Teachers Reference Section 12/29/2004     TR 428.6 O97 1991 M4110 04/14/2014 04/14/2014 Books

Out came the sun, prep 2.

APA

(1991). Out came the sun, prep 2. Pasig: Anvil Pub.

Chicago

1991. Out came the sun, prep 2. Pasig: Anvil Pub.

Harvard

(1991). Out came the sun, prep 2. Pasig: Anvil Pub.

MLA

Out came the sun, prep 2. Pasig: Anvil Pub. 1991.

  • Place hold
  • Print
  • Cite
  • Add to your cart (remove)
  • Save record
    BIBTEX Dublin Core MARCXML MARC (non-Unicode/MARC-8) MARC (Unicode/UTF-8) MARC (Unicode/UTF-8, Standard) MODS (XML) RIS
  • More searches
    Search for this title in:
    Other Libraries (WorldCat) Other Databases (Google Scholar) Online Stores (Bookfinder.com) Open Library (openlibrary.org)

Exporting to Dublin Core...

SOUTHVILLE LIBRARY

Southville International School and Colleges Library

1281 Tropical Ave. Cor. Luxembourg St., BF Homes International, Las Pinas City

Tel. No. 8256374 / 252358 Loc. 117/146

Powered by Koha